000 00966cam a22002174a 4500
005 20250605164215.0
008 250528s ||||||||||||||||||||||||d
035 _a20446
020 _a853153868
040 _aGR-AtMCL
_bgre
_dGR-AtMCL
_eAACR2
245 1 _aSelections from Political Writings (1910-1920) / With Additional Texts by Bordiga and Tasca
260 _c1977
300 _a394
520 _aThe present selection of political articles culminates in the ''Real Years'' 1919-20, and includes additional texts by Bordiga and Tasca. Introduction, A Note on the Translation, Outline Chronology 1911-1920, The Young Socialist, L'Ordine Nuovo and the Factory Councils, The Coming Confrontation, Bordiga's Polemic, The Debate with Tasca, Towards the Communist Party, Notes, Index.
700 1 _aGramsci Antonio
_96436
700 1 _aHoare Quintin
_96437
700 1 _aLawrence And Wishart
_93154
942 _cBK
999 _c5553
_d5553